[Event "chess.com IoM Masters"]
[Site "Douglas ENG"]
[Date "2016.10.05"]
[Round "5.31"]
[White "Trent, Lawrence"]
[Black "L'Ami, Alina"]
[Result "1-0"]
[WhiteTitle "IM"]
[BlackTitle "IM"]
[WhiteElo "2463"]
[BlackElo "2322"]
[WhiteFideId "408638"]
[BlackFideId "1210246"]
[EventDate "2016.10.01"]

1. d4 Nf6 2. Bg5 c5 3. d5 d6 4. Nc3 b5 5. e3 a6 6. Nf3 Nbd7 7. a4 b4 8. Nb1 Bb7
9. Bxf6 Nxf6 10. Bc4 Qd7 11. O-O e6 12. e4 exd5 13. exd5 Be7 14. Qd3 O-O 15.
Nbd2 Qg4 16. Rfe1 Bd8 17. Rad1 Bc8 18. Nf1 Bf5 19. Qb3 Qg6 20. Bd3 Bxd3 21. Rxd3
Nh5 22. Qc4 Bf6 23. b3 Bc3 24. Re2 Rae8 25. Rxe8 Rxe8 26. Re3 Rf8 27. Re2 Qf6
28. Ng3 Qh6 29. Re3 Nf6 30. h3 Qg6 31. Ne4 Bd4 32. Nxd4 Nxe4 33. Nc6 Re8 34. f3
f5 35. fxe4 fxe4 36. Qxa6 Qg5 37. Qe2 Qxd5 38. Qc4 Qxc4 39. bxc4 Kf7 40. Na5 Kf6
41. Nb3 Ke5 42. Kf2 d5 43. Nd2 Kd4 44. cxd5 Kxd5 45. a5 Ra8 46. Rxe4 Rxa5 47.
Ke2 Ra2 48. Kd3 Ra3+ 49. Nb3 Ra7 50. Rg4 h6 51. Rc4 Rc7 52. c3 bxc3 53. Kxc3 Rc6
54. Rg4 Rc7 55. Rh4 Rc6 56. Nd2 Rg6 57. Rh5+ Kc6 58. g4 Re6 59. Kc4 g5 60. Nf1
Rf6 61. Ne3 Rf4+ 62. Kd3 c4+ 63. Nxc4 1-0

[Event "chess.com IoM Masters"]
[Site "Douglas ENG"]
[Date "2016.10.05"]
[Round "5.32"]
[White "Ushenina, Anna"]
[Black "Jackson, James P"]
[Result "1-0"]
[WhiteTitle "GM"]
[BlackTitle "FM"]
[WhiteElo "2459"]
[BlackElo "2311"]
[WhiteFideId "14110911"]
[BlackFideId "416860"]
[EventDate "2016.10.01"]

1. Nf3 Nf6 2. c4 c6 3. d4 d5 4. Qc2 e6 5. g3 Nbd7 6. Bg2 Be7 7. O-O O-O 8. b3 b6
9. Bb2 Bb7 10. Nc3 Rc8 11. e4 dxe4 12. Nxe4 Qc7 13. Rad1 Nxe4 14. Qxe4 c5 15.
Qe2 cxd4 16. Nxd4 Bxg2 17. Kxg2 Bf6 18. Nb5 Qb7+ 19. Qf3 Qxf3+ 20. Kxf3 Bxb2 21.
Rxd7 a6 22. Nc7 Rfd8 23. Rfd1 Rxd7 24. Rxd7 g6 25. a4 a5 26. Nb5 Rb8 27. Ke3 Kg7
28. h4 h5 29. Nd6 Rf8 30. Rb7 Ba3 31. Ne4 Kh6 32. Ke2 Bc1 33. Rxb6 f5 34. Nc5 e5
35. Nd3 Ba3 36. Nxe5 Re8 37. f4 Bb2 38. Rxg6+ Kh7 39. Rb6 Bxe5 40. fxe5 Rxe5+
41. Kf2 1-0

[Event "chess.com IoM Masters"]
[Site "Douglas ENG"]
[Date "2016.10.05"]
[Round "5.33"]
[White "Lou, Yiping"]
[Black "Zozulia, Anna"]
[Result "1-0"]
[WhiteTitle "IM"]
[BlackTitle "IM"]
[WhiteElo "2458"]
[BlackElo "2303"]
[WhiteFideId "8603928"]
[BlackFideId "14102110"]
[EventDate "2016.10.01"]

1. d4 Nf6 2. c4 g6 3. Nc3 Bg7 4. e4 d6 5. Nf3 O-O 6. h3 e5 7. d5 c6 8. Be3 cxd5
9. cxd5 Nbd7 10. Rc1 Nc5 11. Nd2 a5 12. a3 Bd7 13. Be2 a4 14. O-O Qe7 15. Nc4 b5
16. Nb6 Rab8 17. Bxc5 dxc5 18. d6 Qe6 19. Ncd5 Nxd5 20. Nxd7 Qxd7 21. Qxd5 c4
22. Rcd1 Kh8 23. Qc5 Rfd8 24. Rd5 Rbc8 25. Qb4 Rc6 26. Rfd1 Bf8 27. Qxb5 Rxd6
28. Rxd6 Bxd6 29. Bxc4 Qc7 30. Qxa4 Rb8 31. b3 Bc5 32. Rd7 Qb6 33. Rxf7 Qd6 34.
b4 Bd4 35. Qb3 Rc8 36. Bd5 Rc1+ 37. Kh2 1-0

[Event "chess.com IoM Masters"]
[Site "Douglas ENG"]
[Date "2016.10.05"]
[Round "5.34"]
[White "Romanishin, Oleg M"]
[Black "Enkhtuul, Altan-Ulzii"]
[Result "1-0"]
[WhiteTitle "GM"]
[BlackTitle "WGM"]
[WhiteElo "2456"]
[BlackElo "2302"]
[WhiteFideId "14100088"]
[BlackFideId "4901444"]
[EventDate "2016.10.01"]

1. Nf3 Nf6 2. g3 b6 3. d4 Bb7 4. c4 e6 5. Bg2 Bb4+ 6. Bd2 Qe7 7. O-O Bxd2 8.
Qxd2 d6 9. Qc2 O-O 10. Nc3 c5 11. e4 Nc6 12. Rad1 e5 13. dxe5 dxe5 14. Nd5 Nxd5
15. exd5 Nd4 16. Nxd4 exd4 17. Rfe1 Qd7 18. Re4 Rfe8 19. Rde1 g6 20. h4 h5 21.
Kh2 Rad8 22. Bh3 f5 23. Re6 Rxe6 24. Rxe6 Qf7 25. Qd2 Kg7 26. Qe1 Rd7 27. Bf1
Kh7 28. Bd3 Rc7 29. Qe5 Qg7 30. Qe1 Rf7 31. Re8 Rf8 32. Re7 Rf7 33. Re8 Rf8 34.
Qe6 Rxe8 35. Qxe8 Qc7 36. Kg1 Kg7 37. f4 Qf7 38. Qe5+ Qf6 39. Kf1 Kf7 40. Qb8
Qe7 41. Qxa7 Qc7 42. Be2 Ke7 43. Bf3 Kd6 44. a3 Bc8 45. Qa4 Qd7 46. Qc6+ Qxc6
47. dxc6 Ba6 48. Bd5 b5 49. b3 bxc4 50. bxc4 Ke7 51. Ke2 Kf8 52. Kd3 Ke7 53. a4
Bc8 54. a5 Ba6 55. c7 Bc8 56. Bc6 Kd6 57. Be8 Kxc7 58. Bxg6 Kd6 59. Bxh5 Ke7 60.
Bf3 Kf6 61. Bc6 Kg6 62. Be8+ Kh6 63. Bb5 Kh5 64. a6 Kh6 65. a7 Bb7 66. Bd7 Kg6
67. Be6 Be4+ 68. Kd2 Kf6 69. Bd5 Bxd5 70. cxd5 1-0

[Event "chess.com IoM Masters"]
[Site "Douglas ENG"]
[Date "2016.10.05"]
[Round "5.35"]
[White "Kiewra, Keaton F"]
[Black "Webb, Laurence E"]
[Result "1/2-1/2"]
[WhiteTitle "IM"]
[BlackTitle "FM"]
[WhiteElo "2454"]
[BlackElo "2280"]
[WhiteFideId "2019280"]
[BlackFideId "402389"]
[EventDate "2016.10.01"]

1. e4 e6 2. d4 d5 3. Nd2 c5 4. Ngf3 Nf6 5. exd5 exd5 6. Bb5+ Bd7 7. Qe2+ Be7 8.
dxc5 O-O 9. O-O Re8 10. Bxd7 Nbxd7 11. Nb3 Nxc5 12. Be3 Nxb3 13. axb3 Bc5 14.
Ra4 Bxe3 15. fxe3 Qb6 16. Nd4 Re4 17. Rf3 Rae8 18. c3 a6 19. h3 Nd7 20. Ra1 Ne5
21. Rg3 g6 22. Rf1 Kh8 23. Kh1 Qd6 24. Qf2 f5 25. Rd1 Nc6 26. Ne2 Qc5 27. b4 Qc4
28. Nf4 Qb3 29. Rd2 Ne5 30. Nxd5 Nc4 31. Nf6 Nxd2 32. Qxd2 Qe6 33. Nxe8 Qxe8 34.
Qd5 Qe5 35. Qxe5+ Rxe5 36. Rf3 Kg7 37. Kg1 Rd5 38. Rf4 Rd1+ 39. Kh2 Rd2 40. Rd4
Rxb2 41. Rd7+ Kh6 42. Rxb7 Re2 43. c4 Rxe3 44. c5 Rc3 45. Kg1 a5 46. bxa5 Rxc5
47. a6 Ra5 48. a7 Ra2 49. h4 Kh5 50. Rxh7+ Kg4 51. Kh2 f4 52. h5 gxh5 53. Rg7+
Kf5 54. Kh3 Kf6 55. Rb7 Kg5 56. Rb5+ 1/2-1/2

[Event "chess.com IoM Masters"]
[Site "Douglas ENG"]
[Date "2016.10.05"]
[Round "5.36"]
[White "Basso, Pier Luigi"]
[Black "Rakesh, Kumar Jena"]
[Result "1/2-1/2"]
[WhiteTitle "IM"]
[BlackTitle "FM"]
[WhiteElo "2428"]
[BlackElo "2247"]
[WhiteFideId "866970"]
[BlackFideId "5084822"]
[EventDate "2016.10.01"]

1. d4 d5 2. c4 c6 3. Nc3 Nf6 4. e3 a6 5. Qc2 g6 6. Bd3 Bg7 7. Nf3 O-O 8. O-O b5
9. b3 Nbd7 10. c5 e5 11. dxe5 Ng4 12. Be2 Ndxe5 13. Nd4 Qh4 14. h3 Nh6 15. f4
Bxh3 16. gxh3 Qg3+ 17. Kh1 Qxh3+ 18. Kg1 Qg3+ 19. Kh1 Qh3+ 20. Kg1 Qg3+ 21. Kh1
Qh3+ 1/2-1/2

[Event "chess.com IoM Masters"]
[Site "Douglas ENG"]
[Date "2016.10.05"]
[Round "5.37"]
[White "Tarjan, James E"]
[Black "Rodshtein, Tereza"]
[Result "1-0"]
[WhiteTitle "GM"]
[BlackTitle "WGM"]
[WhiteElo "2420"]
[BlackElo "2207"]
[WhiteFideId "2000180"]
[BlackFideId "325449"]
[EventDate "2016.10.01"]

1. c4 c6 2. b3 d5 3. Bb2 Bf5 4. d3 e6 5. Nf3 h6 6. g3 Nf6 7. Bg2 Bd6 8. O-O O-O
9. Nc3 Bh7 10. Qc2 c5 11. cxd5 exd5 12. e4 d4 13. e5 dxc3 14. Bxc3 Be7 15. exf6
Bxf6 16. Bxf6 Qxf6 17. Qxc5 Bxd3 18. Rfe1 Nc6 19. Ne5 Nxe5 20. Qxe5 Qxe5 21.
Rxe5 Ba6 22. Re7 Rfe8 23. Bxb7 Bxb7 24. Rxb7 a5 25. Rc1 Ra6 26. h4 Rf6 27. Rc2
Re4 28. Kg2 Rf5 29. Rbc7 a4 30. R7c4 axb3 31. axb3 Re1 32. Rb2 h5 33. b4 Rb5 34.
Rf4 g6 35. Rc2 Rb7 36. Rb2 Rb5 37. Kf3 Rd1 38. Ke2 Rd7 39. Ke3 Rd1 40. Ke2 Rd7
41. Re4 Kg7 42. Rd2 Ra7 43. Kd3 Rc7 44. Rd4 Rc1 45. Rb2 Kf6 46. Kd2 Ke5 47. Rf4
Rc7 48. Rc2 Rd5+ 49. Kc1 Ra7 50. Re2+ 1-0

[Event "chess.com IoM Masters"]
[Site "Douglas ENG"]
[Date "2016.10.05"]
[Round "5.38"]
[White "Kojima, Shinya"]
[Black "Tirziman, Rudolf"]
[Result "1-0"]
[WhiteTitle "IM"]
[WhiteElo "2399"]
[BlackElo "1923"]
[WhiteFideId "7000812"]
[BlackFideId "2508664"]
[EventDate "2016.10.01"]

1. Nf3 e6 2. c4 Nf6 3. d4 c5 4. Nc3 cxd4 5. Nxd4 Bb4 6. g3 O-O 7. Bg2 d5 8. O-O
dxc4 9. Qa4 Qa5 10. Qxa5 Bxa5 11. Ndb5 Rd8 12. Bf4 Nc6 13. Rfd1 e5 14. Bg5 Be6
15. Bxf6 Rxd1+ 16. Rxd1 Bxc3 17. bxc3 gxf6 18. Bxc6 bxc6 19. Nc7 Rb8 20. Nxe6
fxe6 21. Rd6 Rb1+ 22. Kg2 Rc1 23. Rxe6 Rxc3 24. Rxf6 Ra3 25. Rxc6 Rxa2 26. Rxc4
Rxe2 27. Ra4 e4 28. Kf1 Rb2 29. Rxe4 Rb6 30. Re7 Ra6 31. h4 Ra5 32. Kg2 h5 33.
Kf3 Kf8 34. Rb7 Kg8 35. Kf4 Kf8 36. f3 Kg8 37. Re7 a6 38. Re5 Ra4+ 39. Kg5 Rb4
40. Ra5 Rb5+ 41. Rxb5 axb5 42. Kf5 1-0

[Event "chess.com IoM Masters"]
[Site "Douglas ENG"]
[Date "2016.10.05"]
[Round "5.39"]
[White "Von Meijenfeldt, Bart"]
[Black "Van Foreest, Lucas"]
[Result "1-0"]
[WhiteTitle "FM"]
[WhiteElo "2265"]
[BlackElo "2350"]
[WhiteFideId "1032259"]
[BlackFideId "1039792"]
[EventDate "2016.10.01"]

1. c4 Nf6 2. g3 g6 3. Bg2 c6 4. d4 d5 5. Nc3 Bg7 6. Nf3 O-O 7. O-O dxc4 8. a4 a5
9. e4 Nbd7 10. Qe2 Nb6 11. h3 Nfd7 12. Bg5 h6 13. Be3 e6 14. Rfd1 Qe7 15. Ne5
Qb4 16. f4 Rd8 17. h4 Nf6 18. g4 Nbd7 19. h5 gxh5 20. g5 hxg5 21. fxg5 Ng4 22.
Nxg4 hxg4 23. e5 Nb6 24. g6 f5 25. exf6 Bxf6 26. Rf1 Qe7 27. Ne4 Rf8 28. Rxf6
Rxf6 29. Bg5 1-0

[Event "chess.com IoM Masters"]
[Site "Douglas ENG"]
[Date "2016.10.05"]
[Round "5.41"]
[White "Lorscheid, Gerhard"]
[Black "Vishnu Prasanna, V"]
[Result "0-1"]
[WhiteTitle "FM"]
[BlackTitle "GM"]
[WhiteElo "2238"]
[BlackElo "2522"]
[WhiteFideId "4606000"]
[BlackFideId "5030692"]
[EventDate "2016.10.01"]

1. d4 d5 2. c4 e6 3. Nc3 c6 4. e3 Nd7 5. Nf3 f5 6. Qc2 Nh6 7. Bd3 Bd6 8. cxd5
exd5 9. Bd2 O-O 10. O-O-O Qe7 11. Kb1 Nf6 12. Bc1 Ne4 13. Rdf1 Bd7 14. Ne1 Rac8
15. f3 Nxc3+ 16. Qxc3 b6 17. Qd2 Be6 18. Qe2 Rfe8 19. Ba6 Rb8 20. Bd3 Bd7 21. e4
fxe4 22. fxe4 Bg4 23. Qc2 dxe4 24. Bc4+ Kh8 25. Bxh6 gxh6 26. Rf7 Qg5 27. Rxa7
Bf5 28. h3 Re7 29. Rxe7 Qxe7 30. Rf1 Bg6 31. Qe2 Bg3 32. Nc2 b5 33. Bb3 e3 34.
Kc1 Re8 35. Ne1 Qh4 36. Bc2 Qxd4 37. Bxg6 hxg6 38. Nc2 Qd5 39. Rf3 Bc7 40. Nxe3
Qxa2 41. Qd3 Be5 42. Nd1 Qa1+ 43. Kc2 Qa4+ 44. Kc1 Bg7 45. Qc2 Qxc2+ 0-1

[Event "chess.com IoM Masters"]
[Site "Douglas ENG"]
[Date "2016.10.05"]
[Round "5.42"]
[White "Bellaiche, Anthony"]
[Black "Grant, Jonathan I M"]
[Result "1-0"]
[WhiteTitle "IM"]
[WhiteElo "2494"]
[BlackElo "2223"]
[WhiteFideId "615668"]
[BlackFideId "2400294"]
[EventDate "2016.10.01"]

1. d4 Nf6 2. c4 e6 3. Nc3 Bb4 4. e3 c5 5. Bd3 Nc6 6. Nf3 Bxc3+ 7. bxc3 d6 8. O-O
e5 9. d5 Ne7 10. Nd2 Qc7 11. f4 Ng4 12. Qe2 exf4 13. exf4 f5 14. Re1 Kf7 15. Nf3
h6 16. h3 Nf6 17. Ne5+ Kf8 18. g4 g6 19. Be3 h5 20. gxf5 Bxf5 21. Bxf5 gxf5 22.
Nf3 Ne4 23. Ng5 Nxg5 24. fxg5 Qd7 25. Bf4 Ng6 26. Bh2 Rg8 27. Qxh5 Re8 28. Rxe8+
Qxe8 29. Bxd6+ Kf7 30. Kf2 Qd7 31. Be5 Ke8 32. Bf6 Qd6 33. Re1+ Kd7 34. Qh7+ 1-0

[Event "chess.com IoM Masters"]
[Site "Douglas ENG"]
[Date "2016.10.05"]
[Round "5.43"]
[White "Gill, Neville B K"]
[Black "Swati, Mohota"]
[Result "0-1"]
[BlackTitle "WFM"]
[WhiteElo "2102"]
[BlackElo "1948"]
[WhiteFideId "404012"]
[BlackFideId "5006511"]
[EventDate "2016.10.01"]

1. d4 d5 2. c4 c6 3. Nc3 Nf6 4. e3 e6 5. Nf3 Nbd7 6. Bd3 Bd6 7. e4 dxe4 8. Nxe4
Nxe4 9. Bxe4 h6 10. O-O O-O 11. Bc2 e5 12. Re1 Bb4 13. Bd2 Bxd2 14. Qxd2 exd4
15. Qxd4 c5 16. Qc3 Nf6 17. Rad1 Qc7 18. Qe5 Qxe5 19. Rxe5 b6 20. Re7 Be6 21. b3
Rfb8 22. Ne5 a6 23. f4 Rd8 24. Rd3 Kf8 25. Rb7 Rdb8 26. Rxb8+ Rxb8 27. Rd6 Ke7
28. Rc6 Ne8 29. Be4 Bd7 30. Nxd7 Kxd7 31. Kf2 Nd6 32. Bd5 Nf5 33. b4 Ne7 34. b5
axb5 35. cxb5 Nxd5 0-1

[Event "chess.com IoM Masters"]
[Site "Douglas ENG"]
[Date "2016.10.05"]
[Round "5.44"]
[White "Allen, Keith"]
[Black "Gagare, Shardul"]
[Result "0-1"]
[BlackTitle "GM"]
[WhiteElo "2236"]
[BlackElo "2480"]
[WhiteFideId "2501147"]
[BlackFideId "5037883"]
[EventDate "2016.10.01"]

1. d4 Nf6 2. c4 e6 3. Nc3 Bb4 4. Qc2 c5 5. dxc5 O-O 6. a3 Bxc5 7. Nf3 Be7 8. Bf4
Nh5 9. Bd2 b6 10. e4 Bb7 11. Be2 d6 12. O-O Nd7 13. Rac1 a6 14. Rfd1 Qc7 15. Be3
Nhf6 16. Nd4 Rfe8 17. f3 Rac8 18. Qd2 Qb8 19. Kh1 h6 20. Rc2 Bd8 21. b4 Bc7 22.
Bg1 d5 23. cxd5 Bf4 24. Be3 Bxe3 25. Qxe3 exd5 26. Bd3 dxe4 27. Nxe4 Rxc2 28.
Bxc2 Nxe4 29. fxe4 Nf6 30. Nf3 Bxe4 31. Bxe4 Nxe4 32. Qd4 b5 33. Kg1 Nf6 34. h3
Qc7 35. Rd2 Nh5 36. Qc5 Qg3 37. Qxh5 Re1+ 38. Nxe1 Qxe1+ 39. Kh2 Qxd2 40. Qc5
Qf4+ 41. Kg1 Kh7 42. a4 bxa4 43. Qc2+ g6 44. Qxa4 Qd6 45. Qa2 Kg7 46. Qc4 g5 47.
Qe4 h5 48. Kh1 Qf4 49. Qe2 Qxb4 50. Qxa6 Qe1+ 51. Kh2 Qe5+ 52. Kg1 g4 53. hxg4
hxg4 54. Qc4 g3 55. Qg4+ Kf6 56. Qf3+ Kg5 57. Qxf7 Qa1+ 58. Qf1 Qd4+ 59. Kh1
Qh4+ 0-1

[Event "chess.com IoM Masters"]
[Site "Douglas ENG"]
[Date "2016.10.05"]
[Round "5.45"]
[White "Wallace, Paul"]
[Black "Visakh, N R"]
[Result "0-1"]
[BlackTitle "IM"]
[WhiteElo "2210"]
[BlackElo "2456"]
[WhiteFideId "2500892"]
[BlackFideId "25012223"]
[EventDate "2016.10.01"]

1. e4 Nf6 2. e5 Nd5 3. d4 d6 4. Nf3 Bg4 5. Be2 e6 6. O-O Be7 7. c4 Nb6 8. exd6
cxd6 9. Nc3 O-O 10. b3 Nc6 11. Be3 d5 12. c5 Nc8 13. b4 Bxf3 14. Bxf3 Bf6 15.
Rb1 N8e7 16. b5 Na5 17. Qd3 g6 18. g4 Bg7 19. Bf4 Qd7 20. Rfe1 Nc4 21. h3 a6 22.
c6 bxc6 23. b6 Na5 24. Na4 Nb7 25. Qc3 Rfc8 26. Nc5 Nxc5 27. Qxc5 Qb7 28. Bd6
Bf8 29. Rec1 g5 30. a4 Ng6 31. Bxf8 Nxf8 32. a5 Ng6 33. Be2 Nf4 34. Bf1 h5 35.
Rb3 hxg4 36. hxg4 e5 37. dxe5 Ne6 38. Qd6 c5 39. Bg2 Rd8 40. Bxd5 Qxd5 41. Qxd5
Rxd5 0-1

[Event "chess.com IoM Masters"]
[Site "Douglas ENG"]
[Date "2016.10.05"]
[Round "5.46"]
[White "Brunello, Marina"]
[Black "Parnali, S Dharia"]
[Result "0-1"]
[WhiteTitle "FM"]
[BlackTitle "WIM"]
[WhiteElo "2382"]
[BlackElo "2228"]
[WhiteFideId "822590"]
[BlackFideId "5043131"]
[EventDate "2016.10.01"]

1. e4 e5 2. Nf3 Nc6 3. Bc4 Nf6 4. d3 Bc5 5. c3 a6 6. Bb3 d6 7. h3 Ba7 8. Na3 Be6
9. Nc4 h6 10. Qe2 O-O 11. Ne3 d5 12. Bc2 d4 13. Nf1 Qd6 14. Ng3 Qc5 15. Bd2 Qb5
16. Bc1 Qc5 17. Bd2 Qb5 18. Bc1 Qc5 19. Qd2 Bb6 20. O-O Ba5 21. b4 dxc3 22. bxc5
cxd2 23. Bxd2 Bxd2 24. Nxd2 Nb4 25. Bb1 Nd7 26. Rc1 Rfd8 27. a3 Nc6 28. Ne2 a5
29. Ba2 Nf8 30. Rc3 a4 31. f4 Bxa2 32. Rxa2 Ne6 33. f5 Ned4 34. Nxd4 Nxd4 35.
Nc4 Nb5 36. Rcc2 Rxd3 37. Rcb2 Rd1+ 38. Kh2 c6 39. Nb6 Rad8 40. Nxa4 R8d4 41.
Rb4 Re1 42. Nb6 Rexe4 43. Rb3 Rd1 44. Nc8 Ra4 45. Nb6 Rf4 46. Nc8 Rff1 47. a4
Nd4 48. Ne7+ Kf8 49. Rxb7 h5 50. h4 Rh1+ 51. Kg3 Rd3+ 52. Kf2 e4 53. Re2 Nxe2
54. Kxe2 Ra1 55. Nxc6 Kg8 56. Nb4 Rg3 57. Kf2 Rc3 58. c6 Rb1 59. c7 e3+ 60. Ke2
Rb2+ 61. Kf3 e2+ 62. Kf2 e1=Q+ 0-1

[Event "chess.com IoM Masters"]
[Site "Douglas ENG"]
[Date "2016.10.05"]
[Round "5.47"]
[White "Tate, Alan"]
[Black "Lyell, Mark"]
[Result "0-1"]
[WhiteTitle "FM"]
[BlackTitle "FM"]
[WhiteElo "2376"]
[BlackElo "2190"]
[WhiteFideId "2401878"]
[BlackFideId "402354"]
[EventDate "2016.10.01"]

1. e4 c6 2. d4 d5 3. e5 c5 4. dxc5 Nc6 5. Nf3 Bg4 6. c3 e6 7. b4 Nge7 8. Bb5 Qc7
9. Nbd2 g5 10. h3 Bh5 11. O-O Bg7 12. Re1 O-O 13. Be2 Bg6 14. Nd4 Nxe5 15. Nf1
h6 16. Ng3 b6 17. Be3 Nc4 18. Bxc4 dxc4 19. cxb6 axb6 20. Qf3 Nd5 21. Ngf5 exf5
22. Qxd5 Rfd8 23. Qc6 Qxc6 24. Nxc6 Rd6 25. Ne7+ Kh7 26. Rad1 Rad8 27. Rxd6 Rxd6
28. Rc1 b5 29. Nc8 Ra6 30. Bd4 Bxd4 31. cxd4 f4 32. d5 Rxa2 33. Nd6 Rb2 34. Nxb5
Rxb4 35. Nd6 Bd3 36. Kh2 Kg7 37. h4 g4 38. Nc8 Kf6 39. Na7 Rb2 40. Kg1 Ke7 0-1

[Event "chess.com IoM Masters"]
[Site "Douglas ENG"]
[Date "2016.10.05"]
[Round "5.48"]
[White "Harsha, Bharathakoti"]
[Black "Arnold, Max"]
[Result "1-0"]
[WhiteElo "2363"]
[BlackElo "2202"]
[WhiteFideId "5078776"]
[BlackFideId "24682810"]
[EventDate "2016.10.01"]

1. d4 Nf6 2. c4 e6 3. Nf3 Bb4+ 4. Nbd2 O-O 5. a3 Be7 6. e4 d5 7. e5 Nfd7 8. Bd3
c5 9. h4 g6 10. h5 cxd4 11. Qc2 Nc5 12. Nb3 Nxd3+ 13. Qxd3 g5 14. Nxg5 Bxg5 15.
Qg3 h6 16. f4 f6 17. exf6 Qc7 18. Rh3 dxc4 19. Nxd4 Rd8 20. fxg5 Qxg3+ 21. Rxg3
Rxd4 22. g6 Nd7 23. f7+ Kg7 24. Bxh6+ 1-0

[Event "chess.com IoM Masters"]
[Site "Douglas ENG"]
[Date "2016.10.05"]
[Round "5.49"]
[White "Leutwyler, Martin"]
[Black "Paehtz, Thomas"]
[Result "1/2-1/2"]
[BlackTitle "GM"]
[WhiteElo "2168"]
[BlackElo "2356"]
[WhiteFideId "1301969"]
[BlackFideId "4611349"]
[EventDate "2016.10.01"]

1. d4 Nf6 2. c4 g6 3. Nc3 Bg7 4. e4 d6 5. h3 O-O 6. Nf3 e5 7. d5 a5 8. g4 Na6 9.
Be3 Nd7 10. a3 c6 11. Rg1 Rb8 12. Ba7 Ra8 13. Be3 Qe7 14. Be2 Kh8 15. Nd2 Rb8
16. Ba7 Ra8 17. Be3 Rb8 18. Ba7 Ra8 19. Be3 1/2-1/2

[Event "chess.com IoM Masters"]
[Site "Douglas ENG"]
[Date "2016.10.05"]
[Round "5.50"]
[White "Dahl, Baard"]
[Black "Kolbus, Dietmar"]
[Result "1/2-1/2"]
[BlackTitle "IM"]
[WhiteElo "1921"]
[BlackElo "2321"]
[WhiteFideId "444251"]
[BlackFideId "4610628"]
[EventDate "2016.10.01"]

1. e4 d5 2. exd5 Qxd5 3. Nc3 Qd6 4. d4 Nf6 5. Nf3 g6 6. Nb5 Qd8 7. c4 c6 8. Nc3
Bg7 9. Be2 O-O 10. O-O Bg4 11. h3 Bxf3 12. Bxf3 e6 13. Bg5 Qb6 14. Qd2 Nbd7 15.
Qf4 Qxb2 16. Rfc1 Qa3 17. Rab1 Rab8 18. Qh4 Rfe8 19. Rb3 Qd6 20. Rcb1 b6 21. Qf4
e5 22. Qg3 Qxd4 23. Bxc6 Qxc4 24. Bb5 Qe6 25. Rd1 Rf8 26. Qh4 h6 27. Bxh6 Bxh6
28. Qxh6 Nc5 29. Rb4 e4 30. Bc4 Qf5 31. g4 Qf3 32. Qxg6+ Kh8 33. Qh6+ Nh7 34.
Qe3 Qxe3 35. fxe3 f5 36. gxf5 Rxf5 37. Be2 Rg8+ 38. Bg4 Nf6 39. Rd2 Rf3 40. Rh2
Rxe3 41. Nb5 Re1+ 42. Kg2 Rd8 43. Rd4 Rxd4 44. Nxd4 Nd5 45. Kg3 Rg1+ 46. Rg2
Rxg2+ 47. Kxg2 Kg7 48. Kg3 Kf6 49. Nc6 a6 50. Bc8 Nc3 51. a3 e3 52. Nb4 e2 53.
Kf2 a5 54. Nc2 Nd3+ 55. Ke3 e1=Q+ 56. Nxe1 Nxe1 57. Kd2 Nb1+ 58. Kxe1 Nxa3 59.
Kd2 Nc4+ 60. Kc3 Nd6 61. Bd7 Ke5 62. Bc6 Nf5 63. Kc4 Kf6 64. Bd7 Nd6+ 65. Kd5
Ke7 1/2-1/2

[Event "chess.com IoM Masters"]
[Site "Douglas ENG"]
[Date "2016.10.05"]
[Round "5.51"]
[White "Peek, Marcel"]
[Black "Scott, Gordon W"]
[Result "1/2-1/2"]
[WhiteTitle "IM"]
[WhiteElo "2319"]
[BlackElo "2168"]
[WhiteFideId "1000462"]
[BlackFideId "419559"]
[EventDate "2016.10.01"]

1. d4 Nf6 2. Nf3 g6 3. c4 Bg7 4. Nc3 O-O 5. e4 d6 6. Be2 e5 7. d5 a5 8. Bg5 h6
9. Be3 Ng4 10. Bd2 f5 11. h3 Nf6 12. exf5 gxf5 13. Qc1 f4 14. g3 e4 15. Nh4 e3
16. fxe3 fxg3 17. Ng6 Re8 18. Nf4 Na6 19. Qc2 Re5 20. Ne6 Bxe6 21. dxe6 Nc5 22.
O-O-O Nfe4 23. Nxe4 Nxe4 24. Rhg1 Qh4 25. Bf3 Kh8 26. Be1 Rxe6 27. Bxe4 Qxe4 28.
Rxg3 Qxc2+ 29. Kxc2 Be5 30. Rf3 Kg7 1/2-1/2

[Event "chess.com IoM Masters"]
[Site "Douglas ENG"]
[Date "2016.10.05"]
[Round "5.51"]
[White "Kotepalli, Sai Nirupama"]
[Black "Ottosen, David"]
[Result "1-0"]
[WhiteTitle "WFM"]
[WhiteElo "1944"]
[BlackElo "2105"]
[WhiteFideId "5039444"]
[BlackFideId "2603080"]
[EventDate "2016.10.01"]

1. d4 d5 2. Bf4 Bg4 3. h3 Bh5 4. Nf3 Nd7 5. e3 Ngf6 6. c4 c6 7. Qb3 Bxf3 8. gxf3
Qb6 9. Nc3 e6 10. c5 Qxb3 11. axb3 Be7 12. b4 O-O 13. b5 e5 14. Bh2 exd4 15.
exd4 Rfe8 16. Kd1 Nb8 17. Bd3 a6 18. Re1 Kf8 19. b6 g6 20. b4 Nfd7 21. Kc2 f5
22. Ne2 Nxb6 23. cxb6 Nd7 24. Bc7 Bxb4 25. Reb1 Be7 26. h4 Bd8 27. h5 Bxc7 28.
bxc7 b5 29. hxg6 hxg6 30. Rh1 Ke7 31. Rh7+ Kd6 32. Nf4 Nf8 33. Rg7 Re7 34. Rxe7
Kxe7 35. Rxa6 Rc8 36. Rxc6 Kd7 37. Bxb5 Rxc7 38. Rxc7+ Kxc7 39. Nxd5+ Kd6 40.
Nc3 Ne6 41. Kd3 Nf4+ 42. Kd2 Nh3 43. Ke3 g5 44. d5 g4 45. f4 Kc5 46. Bd3 1-0

[Event "chess.com IoM Masters"]
[Site "Douglas ENG"]
[Date "2016.10.05"]
[Round "5.52"]
[White "Osmanodja, Filiz"]
[Black "Laustsen, Lars"]
[Result "1-0"]
[WhiteTitle "WIM"]
[WhiteElo "2299"]
[BlackElo "2151"]
[WhiteFideId "24633569"]
[BlackFideId "1407554"]
[EventDate "2016.10.01"]

1. e4 c5 2. Nf3 d6 3. d4 cxd4 4. Nxd4 Nf6 5. Nc3 a6 6. Be3 e5 7. Nf3 Be7 8. Bc4
O-O 9. O-O Be6 10. Bb3 Nc6 11. Qe2 Na5 12. Bg5 Nd7 13. Bxe7 Qxe7 14. Nd5 Qd8 15.
Rfd1 Rc8 16. Ne3 Nc5 17. Bxe6 fxe6 18. Nxe5 Nxe4 19. Qg4 Qf6 20. Qxe4 Qxf2+ 21.
Kh1 dxe5 22. Qxe5 Nc4 23. Nxc4 Rxc4 24. Qxe6+ Qf7 25. Qxf7+ Rxf7 26. Rd2 h6 27.
Kg1 Rfc7 28. c3 b5 29. Rd8+ Kh7 30. a3 a5 31. Rb8 R7c5 32. Re1 Rf5 33. g3 h5 34.
Ree8 Rd5 35. Kf1 Rc6 36. Rbd8 Rf5+ 37. Ke2 b4 38. axb4 axb4 39. cxb4 Rc4 40.
Rh8+ Kg6 41. Rd6+ Kf7 42. Rd7+ Ke6 43. Rxg7 Rxb4 44. Rh6+ Ke5 45. Re7+ Kd5 46.
Rd7+ Kc4 47. Rd2 Rfb5 48. Rc6+ Kb3 49. Kf3 Rf5+ 50. Kg2 h4 51. Rc3+ Ka4 52. Rcd3
hxg3 53. hxg3 Rbb5 54. g4 Rg5 55. Kh3 Ka5 56. Rd6 Rbe5 57. Kh4 Rc5 58. R2d4 Kb5
59. b4 Rce5 60. Rh6 Ka4 61. Rh5 Rxh5+ 62. gxh5 Kb5 63. h6 1-0